Náměty pro hospodářskou politiku (Bílá kniha)

Materiál Svazu průmyslu a dopravy ČR, v ktorom sú zhrnuté poznatky a skúsenosti podnikového managementu z uplynulých rokov a navrhujú sa vláde konkrétne priority jej ďalšej hospodárskej politiky z pohľadu podnikovej sféry. Nevyhnutnosť dostatočne zvýšiť konkurencieschopnosť podnikov v období do vstu...

Full description

Saved in:
Bibliographic Details
Main Author: Kázecký, Stanislav
Format: Book Chapter
Language:Czech
Subjects:
Tags: Add Tag
No Tags, Be the first to tag this record!

MARC

LEADER 00000naa a2200000 4500
001 r047023
005 20231004070727.3
041 0 |a cze 
044 |a CZ 
245 1 0 |a Náměty pro hospodářskou politiku (Bílá kniha)  |c Stanislav Kázecký 
520 |a Materiál Svazu průmyslu a dopravy ČR, v ktorom sú zhrnuté poznatky a skúsenosti podnikového managementu z uplynulých rokov a navrhujú sa vláde konkrétne priority jej ďalšej hospodárskej politiky z pohľadu podnikovej sféry. Nevyhnutnosť dostatočne zvýšiť konkurencieschopnosť podnikov v období do vstupu do EÚ. Vývoj a situácia priemyslu, investičné prostredie, prístup na zahraničné trhy, legislatíva, trh práce, výskum, vývoj a inovácia, ochrana životného prostredia, palivá a energetika, doprava, rozvoj malého a stredného podnikania. 
610 2 0 |a priemysel 
610 2 0 |a doprava 
610 2 0 |a trh zahraničný 
610 2 0 |a legislatíva 
610 2 0 |a trh práce 
610 2 0 |a výskum 
610 2 0 |a ochrana prostredia životného 
610 2 0 |a energetika 
610 2 0 |a podnikanie 
610 2 0 |a Česko 
610 2 0 |a Európska únia 
100 1 |a Kázecký, Stanislav